Guía ilustrada del Palacio Real de Madrid (Record no. 4900)

MARC details
000 -CABECERA
campo de control de longitud fija 00931nam a2200253 a 4500
001 - NÚMERO DE CONTROL
campo de control BRCA_5206
005 - FECHA Y HORA DE LA ÚLTIMA TRANSACCIÓN
campo de control 20190320205002.0
008 - DATOS DE LONGITUD FIJA--INFORMACIÓN GENERAL
campo de control de longitud fija 261110s1950----sp-a######---#000-0#spa-#
041 ## - CÓDIGO DE LENGUA
Código de lengua del texto/banda sonora o título independiente spa
044 ## - CÓDIGO DEL PAÍS DE LA ENTIDAD EDITORA/PRODUCTORA
Código MARC del país sp
050 #4 - SIGNATURA TOPOGRÁFICA DE LA BIBLIOTECA DEL CONGRESO
Número de clasificación NA7776
Número de documento/Ítem .N56 1950
100 1# - ENTRADA PRINCIPAL--NOMBRE DE PERSONA
Nombre de persona Niño Mas, Felipa
9 (RLIN) 13329
245 10 - MENCIÓN DE TÍTULO
Título Guía ilustrada del Palacio Real de Madrid
Mención de responsabilidad, etc. por Felipa Niño Mas y Paulina Junquera de Vega.
260 ## - PUBLICACIÓN, DISTRIBUCIÓN, ETC.
Lugar de publicación, distribución, etc. Madrid
Nombre del editor, distribuidor, etc. Patrimonio Nacional. Tesoro Artístico
Fecha de publicación, distribución, etc. 1950
300 ## - DESCRIPCIÓN FÍSICA
Extensión 58 p.
Otras características físicas il., 48 láminas
Dimensiones 21 cm.
500 ## - NOTA GENERAL
Nota general Incluye croquis del Palacio Real de Madrid, índice de artistas citados, índice de personajes retratados e índice de láminas
500 ## - NOTA GENERAL
Nota general Estado físico: Encuadernación desprendida
500 ## - NOTA GENERAL
Nota general E37
504 ## - NOTA DE BIBLIOGRAFÍA, ETC.
Nota de bibliografía, etc. Bibliografía: p. 57-58
610 24 - PUNTO DE ACCESO ADICIONAL DE MATERIA--NOMBRE DE ENTIDAD CORPORATIVA
Nombre de entidad corporativa o nombre de jurisdicción como elemento de entrada Palacio Real de Madrid (España)
Subdivisión de forma Guías
Subdivisión general Arquitectura
9 (RLIN) 13330
700 1# - PUNTO DE ACCESO ADICIONAL--NOMBRE DE PERSONA
Nombre de persona Junquera de Vega, Paulina
9 (RLIN) 13331
902 ## - CATALOGADOR
Iniciales GFM
942 ## - ELEMENTOS DE PUNTO DE ACCESO ADICIONAL (KOHA)
Fuente del sistema de clasificación o colocación Library of Congress Classification
Tipo de ítem Koha Libros
Holdings
Estado de retiro Estado de pérdida Estado dañado No para préstamo Localización permanente Ubicación/localización actual Fecha de adquisición Número de inventario Total de préstamos Signatura topográfica completa Código de barras Fecha visto por última vez Precio válido a partir de Tipo de ítem Koha
El ejemplar forma parte de la colección y puede ser consultado según las políticas vigentes.       Biblioteca del Museo Franz Mayer (Rogerio Casas-Alatriste) Biblioteca del Museo Franz Mayer (Rogerio Casas-Alatriste) 26/11/2010 E37   NA7776 .N56 1950 (E37) 5641 22/03/2019 22/03/2019 Libros